000 01059nam a22002777a 4500
003 0
005 20250913100651.0
008 250911b xxu||||| |||| 00| 0 eng d
020 _a978-0-316-08527-4
050 _aPZ 7.1
_b.C835 2010
100 _aCowell, Cressida,
_eauthor,
_eillustrator.
245 _aHow to train your dragon /
_cCressida Cowell.
250 _aFirst U.S. edition.
260 _aNew York :
_bLittle, Brown and Company,
_c2010.
300 _a214 pages :
_billustrations ;
_c20 cm.
490 _aHow to train your dragon ;
_vbk. 1
500 _aOriginally published in the U.K. by Hodder Children’s Books, 2003.
520 _aChronicles the adventures and misadventures of Hiccup Horrendous Haddock III as he tries to pass the initiation test of his Viking clan by catching and training a dragon.
650 _aVikings
_vFiction.
650 _aDragons
_vFiction.
650 _aHeroes
_vFiction.
650 _aFriendship
_vFiction.
650 _aHumorous stories.
830 _aHow to train your dragon
_sbk. 1.
942 _2lcc
_cBK
999 _c367888
_d367888